书目信息 |
| 题名: |
康复社会工作基本理论与方法实务手册
|
|
| 作者: | ;社会服务发展研究中心 著 | |
| 分册: | ||
| 出版信息: | 广州 中山大学出版社 2018.01 |
|
| 页数: | 223页 | |
| 开本: | 23cm | |
| 丛书名: | 康复社会工作实务系列 | |
| 单 册: | ||
| 中图分类: | R494-62 | |
| 科图分类: | ||
| 主题词: | 康复训练--社会工作--手册 | |
| 电子资源: | ||
| ISBN: | 978-7-306-06204-8 | |
| 000 | 00983oam2 2200265 450 | |
| 001 | 0108153912 | |
| 005 | 20210308154403.0 | |
| 010 | @a978-7-306-06204-8@dCNY40.00 | |
| 100 | @a20181129d2018 em y0chiy50 ea | |
| 101 | 0 | @achi |
| 102 | @aCN@b440000 | |
| 105 | @aa z 000yy | |
| 106 | @ar | |
| 200 | 1 | @a康复社会工作基本理论与方法实务手册@Akang fu she hui gong zuo ji ben li lun yu fang fa shi wu shou ce@f社会服务发展研究中心著 |
| 210 | @a广州@c中山大学出版社@d2018.01 | |
| 215 | @a223页@c图@d23cm | |
| 225 | 2 | @a康复社会工作实务系列@h第二辑@i社会工作实务手册 |
| 330 | @a本书共五章,包括:残疾概念的发展、中国残疾评估机制、康复服务的演进、康复社会工作、无障碍社会与环境。 | |
| 461 | 0 | @12001 @a康复社会工作实务系列 |
| 462 | 0 | @12001 @a社会工作实务手册 |
| 606 | 0 | @a康复训练@x社会工作@j手册 |
| 690 | @aR494-62@v5 | |
| 711 | 02 | @a社会服务发展研究中心@Ashe hui fu wu fa zhan yan jiu zhong xin@4著 |
| 801 | 0 | @aCN@bBJSZM@c20210308 |
| 905 | @b1272587-90@dR494-62@e138@f4 | |
| 康复社会工作基本理论与方法实务手册/社会服务发展研究中心著.-广州:中山大学出版社,2018.01 |
| 223页:图;23cm.-(康复社会工作实务系列.第二辑.社会工作实务手册) |
| ISBN 978-7-306-06204-8:CNY40.00 |
| 本书共五章,包括:残疾概念的发展、中国残疾评估机制、康复服务的演进、康复社会工作、无障碍社会与环境。 |
| ● |
| 相关链接 |
|
|
|
|
正题名:康复社会工作基本理论与方法实务手册
索取号:R494-62/138
 
预约/预借
| 序号 | 登录号 | 条形码 | 馆藏地/架位号 | 状态 | 备注 |
| 1 | 1272587 | 212725871 | 第二样本阅览室/ [索取号:R494-62/138] | 在馆 | |
| 2 | 1272588 | 212725880 | 教育系资料室/ [索取号:R494-62/138] | 在馆 | |
| 3 | 1272589 | 212725899 | 教育系资料室/ [索取号:R494-62/138] | 在馆 | |
| 4 | 1272590 | 212725906 | 第三借阅区/ [索取号:R494-62/138] | 在馆 |